Ultrazvuk XX. mezinárodní konference
| Format: | Book |
|---|---|
| Language: | Undetermined |
| Published: |
Praha
Dům techniky ČSVTS
1981
|
MARC
| LEADER | 00000nam a2200000 a 4500 | ||
|---|---|---|---|
| 001 | vtls001272909 | ||
| 003 | SK-MaSNL | ||
| 005 | 20260224105104.0 | ||
| 008 | 210928s1981 xx 0 und | ||
| 035 | |a SNK000224060 | ||
| 040 | |a SNK |b slo |c SNK |e AACR2 | ||
| 245 | 1 | |a Ultrazvuk |b XX. mezinárodní konference | |
| 260 | |a Praha |b Dům techniky ČSVTS |c 1981 | ||
| 300 | |a 206 s. | ||
| 958 | |a OND | ||
| 999 | |c 971221 |d 973151 | ||
| 952 | |t P60, <04>, [BOOK], {604} |a SNK |b SNK |y VYP |7 0 |p 17A0031690 |o snkSD 52270/2 D1 |0 0 |1 0 |4 0 |d 1997-01-22 |l 0 |r 2005-01-01 00:00:00 |w 2026-02-24 | ||


